000 00465nam a22001691c 4500
001 aaaa09328408+16.1987
035 _aaaaa09328408
008 181210s1987 gw |||| 000u ger d
020 _a3883504904
_93-88350-490-4
264 _aGöttingen :
_bWallstein,
_c1987
300 _a447 Seiten
245 0 0 _aTel Aviver Jahrbuch für deutsche Geschichte
_n16.1987
773 0 _waaaa09328408
_q16.1987
942 _cMG
040 _cRU-10907106
003 RU-10907106
999 _c52233
_d52233